| 000 | 00415nam a2200169Ia 4500 | ||
|---|---|---|---|
| 008 | 151213s9999 xx 000 0 und d | ||
| 020 | _a007-1-36200-2 | ||
| 100 | _aSeymour /Lipson | ||
| 245 |
_aLinear Algebra _cSeymour /Lipson |
||
| 250 | _a3rd | ||
| 260 |
_aNew York _bMc Graw Hill _c2005 |
||
| 300 | _a6996 p. | ||
| 650 | _aMathematics | ||
| 650 | _aMathematics` | ||
| 700 | _aSeymour /Lipson | ||
| 999 |
_c3726 _d3726 |
||